Naufragio en el Sur ¿Quién dirige el rescate: ONG o estado? /

Guardat en:
Dades bibliogràfiques
Autor principal: Pons Cortés, Gabriel
Format: Text
Etiquetes: Afegir etiqueta
Sense etiquetes, Sigues el primer a etiquetar aquest registre!

MARC

LEADER 00000 a a2200000 04500
001 7172
003
040
100 |a Pons Cortés, Gabriel  
245 |a Naufragio en el Sur ¿Quién dirige el rescate: ONG o estado? /  |c Gabriel Pons Cortés 
773 |g volumen 20, número 234; páginas 45-54  
999 |c 36706  |d 36706